1639 1851 1749 1670 1689 1212 1556 1573 1083 1097 1003 1952 1663 1047 1598 1577 1482 1324 1098 1888 1012 1089 1763 1317 1415 1178 1352 1300 1944 1753 1367 1779 1757 1080 1097 1642 1067 1677 1394 1676 1408 1228 1985 1777 1876 1469 1859 1092 1351 1470 1140 1558 1843 1037 1229 1045 1568 1399 1803 1480 1705 1922 1197 1179 1186 1998 1762 1534 1791 1842 1285 1659 1161 1405 1233 1642 1834 1501 1576 1580 1330 1089 1132 1696 1195 1944 1424 1333 1660 1549 1623 1831 1753 1488 1012 1092 1644 1434 1806 BCNSPRNW ULIB Ver.6.0+V

เปลี่ยนเป็นภาษาไทย

Change to English
 แสดงรายละเอียดบรรณานุกรม
  กลับหน้าหลัก

Brief Record : Get Marc (ISO 2709) : E-mail record : QR code < ปิดหน้าต่าง
LEADER : 00000nam 2200000uu 4500
001    13399125768
003     ULIB
008    170831s2559||||th 000 0 tha d
020    ^a9786164069749
060    ^aWB105 ศ718C
100    ^aศุภฤกษ์ ปรีชายุทธ พรเลิศ ฉัตรแก้ว และสหดล ปุญญถาวร
245    ^aCHULA SURGICAL CRITICAL CARE
250    ^aพิมพ์ครั้งที่ 1
260    ^aกรุงเทพฯ :^bสาขาเวชบำบัดวิกฤต คณะแพทยศาสตร์ จุฬาลงกรณ์มหาวิทยาลัย,^c2559
300    ^a528 หน้า^bภาพประกอบ
650    ^aเวชบำบัดวิกฤต
650    ^aSurgical Critical Care
945    ^p0^l0^i003184
945    ^p0^l0^i003185
999    ^aประนอม เกษจรัล
รายการนี้ยังไม่มีแท็ก
คุณยังไม่ได้ล็อกอิน คุณสามารถมีกิจกรรมร่วมกับเว็บไซต์ได้ แต่ต้องล็อกอินก่อน ::
  ล็อกอิน

รายการสื่อสารสนเทศ

ลำดับที่ ประเภท เลขเรียก/บาร์โค้ด สถานที่ สถานะ
1. วิทยาศาสตร์การแพทย์ และสุขภาพ
วิทยาศาสตร์การแพทย์ และสุขภาพ
สถานะ=หนังสือเก่า
WB105 ศ718C ฉ.1 
  Barcode: 003184
ห้องสมุดวิทยาเขตสวรรค์ประชารักษ์
►ส่วนจัดเก็บหนังสือเก่า สปร
บนชั้น
  ขอยืม
2. วิทยาศาสตร์การแพทย์ และสุขภาพ
วิทยาศาสตร์การแพทย์ และสุขภาพ
สถานะ=หนังสือเก่า
WB105 ศ718C ฉ.2 
  Barcode: 003185
ห้องสมุดวิทยาเขตสวรรค์ประชารักษ์
►ส่วนจัดเก็บหนังสือเก่า สปร
บนชั้น
  ขอยืม

รายการใกล้เคียง
    หัวเรื่อง [เวชบำบัดวิกฤต]

BibComment


ยังไม่เคยถูกคอมเมนท์

คอมเมนท์ทรัพยากรรายการนี้
  คอมเมนท์: CHULA SURGICAL C..


 Copyright 2026. Bcnsprnw @Library